[Event "Titled Tuesday intern op 03rd Nov"]
[Site "Chess.com INT"]
[Date "2020.11.03"]
[Round "10"]
[White "Grochal, Joey"]
[Black "Amorim, Daniel Madson De Me"]
[Result "1-0"]
[WhiteElo "2335"]
[BlackElo "2143"]
[PlyCount "97"]
[EventDate "2020.11.03"]
[EventType "swiss (blitz)"]
[EventRounds "11"]
[EventCountry "USA"]
[SourceTitle "CBM 199 Extra"]
[Source "ChessBase"]
[SourceDate "2021.01.31"]
[SourceVersion "1"]
[SourceVersionDate "2021.01.31"]
[SourceQuality "1"]

1. d4 Nf6 2. c4 c5 3. d5 b5 4. cxb5 a6 5. bxa6 g6 6. Nc3 Bxa6 7. e4 Bxf1 8. Kxf1 d6 9. Nf3 Nbd7 10. g3 Bg7 11. Kg2 0-0 12. a4 Qa5 13. Qc2 Rfb8 14. Ra3 Qb4 15. h3 Nb6 16. Rb3 Qa5 17. Rb5 Qa6 18. Bg5 h6 19. Bf4 Ne8 20. Nd2 Nc7 21. Rb3 Nc4 22. Rxb8+ Rxb8 23. Nxc4 Qxc4 24. Bd2 Na6 25. a5 Nb4 26. Qa4 Bxc3 27. Bxc3 Qxe4+ 28. Kh2 Qxd5 29. a6 Ra8 30. Bxb4 cxb4 31. Rc1 Qd2 32. Rc2 Qd4 33. Qc6 Qa7 34. Qe4 e5 35. Rc6 Qxf2+ 36. Kh1 Rd8 37. Qd5 Qxg3 38. Rc7 Qxh3+ 39. Kg1 Qg3+ 40. Kh1 Qe1+ 41. Kh2 Qf2+ 42. Kh1 e4 43. a7 e3 44. a8Q Rxa8 45. Qxa8+ Kg7 46. Rc8 Qf1+ 47. Kh2 Qf2+ 48. Qg2 Qf4+ 49. Qg3 1-0

[Event "Titled Tuesday intern op 03rd Nov"]
[Site "Chess.com INT"]
[Date "2020.11.03"]
[Round "7"]
[White "Navalgund, Niranjan"]
[Black "Amorim, Daniel Madson De Me"]
[Result "0-1"]
[WhiteElo "2289"]
[BlackElo "2143"]
[PlyCount "60"]
[EventDate "2020.11.03"]
[EventType "swiss (blitz)"]
[EventRounds "11"]
[EventCountry "USA"]
[SourceTitle "CBM 199 Extra"]
[Source "ChessBase"]
[SourceDate "2021.01.31"]
[SourceVersion "1"]
[SourceVersionDate "2021.01.31"]
[SourceQuality "1"]

1. d4 Nf6 2. c4 c5 3. d5 b5 4. Qc2 bxc4 5. e4 d6 6. Bxc4 g6 7. Nf3 Nbd7 8. 0-0 Bg7 9. Nc3 0-0 10. b3 Nxe4 11. Bb2 Nxc3 12. Bxc3 Bxc3 13. Qxc3 Nf6 14. Rfe1 a5 15. Ng5 Ba6 16. Qg3 Bxc4 17. bxc4 Rb8 18. Qh4 Kg7 19. Re3 h6 20. Ne4 Nxe4 21. Rxe4 e5 22. Qh3 Qc8 23. g4 f5 24. gxf5 Qxf5 25. Qg2 Rb2 26. Rf1 Rxa2 27. Qg3 Qxe4 28. h4 Qf4 29. Qg2 Rxf2 30. Rxf2 Qxf2+ 0-1

[Event "Titled Tuesday intern op 03rd Nov"]
[Site "Chess.com INT"]
[Date "2020.11.03"]
[Round "2"]
[White "Stevens, Christian"]
[Black "Amorim, Daniel Madson De Me"]
[Result "1-0"]
[WhiteElo "2260"]
[BlackElo "2143"]
[PlyCount "51"]
[EventDate "2020.11.03"]
[EventType "swiss (blitz)"]
[EventRounds "11"]
[EventCountry "USA"]
[SourceTitle "CBM 199 Extra"]
[Source "ChessBase"]
[SourceDate "2021.01.31"]
[SourceVersion "1"]
[SourceVersionDate "2021.01.31"]
[SourceQuality "1"]

1. e4 e6 2. d4 d5 3. Nd2 Nf6 4. e5 Ne4 5. c3 c5 6. Bd3 Nxd2 7. Bxd2 Qb6 8. Nf3 Bd7 9. Qe2 cxd4 10. cxd4 Nc6 11. Bc3 Nb4 12. Bxb4 Bxb4+ 13. Kf1 0-0 14. h4 f6 15. Rh3 fxe5 16. dxe5 Rf4 17. Rg3 Raf8 18. Kg1 Be7 19. Rf1 Be8 20. Qc2 h6 21. Bg6 Bb5 22. Bh7+ Kh8 23. Rxg7 Qc6 24. Qg6 Qe8 25. Qxh6 R4f6 26. Bg6# 1-0

[Event "Titled Tuesday intern op 27th Oct"]
[Site "Chess.com INT"]
[Date "2020.10.27"]
[Round "2"]
[White "Amorim, Daniel Madson De Me"]
[Black "Oatlhotse, Providence"]
[Result "0-1"]
[WhiteElo "2143"]
[BlackElo "2190"]
[PlyCount "64"]
[EventDate "2020.10.27"]
[EventType "swiss (blitz)"]
[EventRounds "11"]
[EventCountry "USA"]
[SourceTitle "CBM 199 Extra"]
[Source "ChessBase"]
[SourceDate "2021.01.31"]
[SourceVersion "1"]
[SourceVersionDate "2021.01.31"]
[SourceQuality "1"]

1. d4 Nf6 2. c4 e6 3. Nc3 Bb4 4. e3 0-0 5. Nge2 Re8 6. a3 Bf8 7. Ng3 d5 8. Bd3 dxc4 9. Bxc4 c5 10. dxc5 Qxd1+ 11. Nxd1 Bxc5 12. b4 Bd6 13. Bb2 Nbd7 14. 0-0 a6 15. Be2 b5 16. Bf3 Rb8 17. Rc1 Bb7 18. Nc3 Bxf3 19. gxf3 Ne5 20. f4 Nd3 21. Rc2 Rec8 22. Rd1 Nxb2 23. Rxd6 Na4 24. Nge2 Ne4 25. Rd3 Rc4 26. f3 Nexc3 27. Nxc3 Rbc8 28. Nxa4 Rxc2 29. Nc5 a5 30. Rd7 axb4 31. axb4 Rb2 32. Nb7 Rc1+ 0-1

[Event "Titled Tuesday intern op 27th Oct"]
[Site "Chess.com INT"]
[Date "2020.10.27"]
[Round "1"]
[White "Gareyev, Timur"]
[Black "Amorim, Daniel Madson De Me"]
[Result "1-0"]
[WhiteElo "2606"]
[BlackElo "2143"]
[PlyCount "95"]
[EventDate "2020.10.27"]
[EventType "swiss (blitz)"]
[EventRounds "11"]
[EventCountry "USA"]
[SourceTitle "CBM 199 Extra"]
[Source "ChessBase"]
[SourceDate "2021.01.31"]
[SourceVersion "1"]
[SourceVersionDate "2021.01.31"]
[SourceQuality "1"]

1. e3 e6 2. b3 Nf6 3. c4 c5 4. Bb2 b6 5. Nf3 Bb7 6. Nc3 Be7 7. Be2 0-0 8. 0-0 d5 9. cxd5 Nxd5 10. d4 cxd4 11. Nxd4 Bf6 12. Nxd5 Bxd5 13. Bf3 Na6 14. e4 Bb7 15. e5 Bxf3 16. Qxf3 Be7 17. Rad1 Qc7 18. Nb5 Qc5 19. a4 Rfd8 20. Nd6 Rf8 21. Rc1 Qd5 22. Qxd5 exd5 23. Rfd1 Nc5 24. Nf5 Bg5 25. Rc3 g6 26. Nd4 Rad8 27. g3 Ne6 28. Nc6 Rd7 29. f4 Bh6 30. Rxd5 Rc7 31. Ba3 Re8 32. Bd6 Rd7 33. b4 Bf8 34. Rcd3 Rc8 35. b5 Bxd6 36. Rxd6 Rdc7 37. Rd7 Kg7 38. R3d6 a6 39. Kg2 axb5 40. axb5 Nc5 41. Rxc7 Rxc7 42. Nd4 Na4 43. Rc6 Rd7 44. Nf3 Rd3 45. e6 fxe6 46. Rc7+ Kh6 47. Ng5 Rd2+ 48. Kh3 1-0

[Event "Titled Tuesday intern op 27th Oct"]
[Site "Chess.com INT"]
[Date "2020.10.27"]
[Round "8"]
[White "Grochal, Joey"]
[Black "Amorim, Daniel Madson De Me"]
[Result "1-0"]
[WhiteElo "2335"]
[BlackElo "2143"]
[PlyCount "117"]
[EventDate "2020.10.27"]
[EventType "swiss (blitz)"]
[EventRounds "11"]
[EventCountry "USA"]
[SourceTitle "CBM 199 Extra"]
[Source "ChessBase"]
[SourceDate "2021.01.31"]
[SourceVersion "1"]
[SourceVersionDate "2021.01.31"]
[SourceQuality "1"]

1. d4 Nf6 2. c4 c5 3. d5 b5 4. cxb5 a6 5. bxa6 g6 6. Nc3 Bxa6 7. Nf3 Bg7 8. e4 Bxf1 9. Kxf1 d6 10. g3 Nbd7 11. Kg2 0-0 12. a4 Qa5 13. Qc2 Rfb8 14. Bd2 Qb4 15. Rhb1 Qb3 16. Ne1 Ng4 17. Nb5 Qxc2 18. Nxc2 Nb6 19. Nc3 Bxc3 20. bxc3 Nc4 21. Rxb8+ Rxb8 22. Bc1 Ra8 23. f4 Nf6 24. Kf3 Nd7 25. Ne3 Nxe3 26. Bxe3 Ra6 27. Rb1 Rxa4 28. Rb7 Nf6 29. Rxe7 Kf8 30. Rb7 Nxe4 31. f5 Kg7 32. fxg6 hxg6 33. Rd7 Ra3 34. Kxe4 Rxc3 35. Rxd6 f5+ 36. Kf3 g5 37. Rc6 c4 38. d6 Kf6 39. Ke2 Ke6 40. Bxg5 Kd7 41. Rc5 Kxd6 42. Rxf5 Rc2+ 43. Kf3 Rxh2 44. Bf4+ Kc6 45. Rf6+ Kd5 46. Rd6+ Kc5 47. Rd8 c3 48. g4 Rh3+ 49. Ke4 Kc4 50. g5 Rh1 51. Rc8+ Kb3 52. g6 Rg1 53. Kf5 c2 54. Kf6 Rf1 55. g7 Rxf4+ 56. Kg5 Rf1 57. g8Q+ Kb2 58. Rxc2+ Kxc2 59. Qc4+ 1-0

[Event "Titled Tuesday intern op 22nd Sept"]
[Site "Chess.com INT"]
[Date "2020.09.22"]
[Round "4"]
[White "Amorim, Daniel Madson De Me"]
[Black "Cooper, Aaron"]
[Result "1/2-1/2"]
[WhiteElo "2143"]
[BlackElo "1904"]
[PlyCount "135"]
[EventDate "2020.09.22"]
[EventType "swiss (blitz)"]
[EventRounds "10"]
[EventCountry "USA"]
[SourceTitle "CBM 198 Extra"]
[Source "ChessBase"]
[SourceDate "2020.11.30"]
[SourceVersion "1"]
[SourceVersionDate "2020.11.30"]
[SourceQuality "1"]

1. d4 Nf6 2. c4 e6 3. Nc3 d5 4. Bg5 Nbd7 5. Qc2 Be7 6. e3 c6 7. Nf3 0-0 8. cxd5 exd5 9. Bd3 Re8 10. 0-0 Nf8 11. Rab1 Ng6 12. b4 Ne4 13. Bxe7 Qxe7 14. b5 Bg4 15. Nd2 Nxd2 16. Qxd2 Nh4 17. Ne2 Bf3 18. Nf4 Nxg2 19. Be2 Nh4 20. Rfc1 Qg5+ 21. Kf1 Bg2+ 22. Ke1 Qxf4 23. exf4 Nf3+ 24. Kd1 Nxd2 25. Kxd2 Be4 26. Rb3 cxb5 27. Rxb5 b6 28. Rb3 Rec8 29. Rbc3 Rxc3 30. Rxc3 Kf8 31. Rc7 g6 32. Bb5 Bf5 33. Bc6 Rc8 34. Rxc8+ Bxc8 35. Bxd5 Ke7 36. Ke3 h6 37. Be4 Kd6 38. Bd3 a5 39. Bc4 f6 40. a3 Bd7 41. f3 b5 42. Bb3 b4 43. axb4 axb4 44. Ke4 Bc6+ 45. Ke3 Bd5 46. Bc2 f5 47. h4 b3 48. Bb1 Bc4 49. h5 gxh5 50. Bxf5 b2 51. Bb1 Kd5 52. f5 h4 53. Kf4 Kxd4 54. Kg4 Ke3 55. Kxh4 Kxf3 56. Kh5 Ke3 57. Kxh6 Kd2 58. f6 Kc1 59. Be4 Bb3 60. Kg7 Bc2 61. Bxc2 Kxc2 62. f7 b1Q 63. f8Q Qb2+ 64. Kf7 Qb7+ 65. Kg8 Qg2+ 66. Kf7 Qf3+ 67. Kg8 Qxf8+ 68. Kxf8 1/2-1/2

[Event "Titled Tuesday intern op 08th Sept"]
[Site "Chess.com INT"]
[Date "2020.09.08"]
[Round "2"]
[White "Esipenko, Andrey"]
[Black "Amorim, Daniel Madson De Me"]
[Result "1-0"]
[WhiteElo "2682"]
[BlackElo "2143"]
[PlyCount "61"]
[EventDate "2020.09.08"]
[EventType "swiss (blitz)"]
[EventRounds "10"]
[EventCountry "USA"]
[SourceTitle "CBM 198 Extra"]
[Source "ChessBase"]
[SourceDate "2020.11.30"]
[SourceVersion "1"]
[SourceVersionDate "2020.11.30"]
[SourceQuality "1"]

1. e4 e6 2. d4 d5 3. Bd3 Be7 4. Nc3 dxe4 5. Bxe4 Nf6 6. Bf3 0-0 7. Nge2 c5 8. 0-0 Nc6 9. Be3 cxd4 10. Nxd4 Nxd4 11. Bxd4 Bd7 12. Bxb7 Rb8 13. Bf3 Rxb2 14. Nd5 Rb5 15. c4 Ra5 16. Nxf6+ Bxf6 17. Bxf6 gxf6 18. Qd2 Bc8 19. Qh6 Rg5 20. Rad1 Qe7 21. Rd4 Rg6 22. Qd2 Bb7 23. Bxb7 Qxb7 24. g3 Rc8 25. Rc1 Qc6 26. c5 Kg7 27. Rd6 Qa4 28. c6 Rg5 29. c7 Qe4 30. Rd8 Qa8 31. Qd7 1-0

[Event "Titled Tuesday intern op 08th Sept"]
[Site "Chess.com INT"]
[Date "2020.09.08"]
[Round "7"]
[White "Potapova, Margarita"]
[Black "Amorim, Daniel Madson De Me"]
[Result "0-1"]
[WhiteElo "2270"]
[BlackElo "2143"]
[PlyCount "164"]
[EventDate "2020.09.08"]
[EventType "swiss (blitz)"]
[EventRounds "10"]
[EventCountry "USA"]
[SourceTitle "CBM 198 Extra"]
[Source "ChessBase"]
[SourceDate "2020.11.30"]
[SourceVersion "1"]
[SourceVersionDate "2020.11.30"]
[SourceQuality "1"]

1. d4 Nf6 2. c4 e6 3. Nf3 d5 4. Nc3 c6 5. Bg5 Be7 6. e3 0-0 7. Bd3 Nbd7 8. 0-0 Re8 9. Rc1 Nf8 10. Ne5 Ng6 11. f4 Nd7 12. Bxe7 Qxe7 13. Qh5 Ngf8 14. Rf3 f6 15. Rh3 f5 16. g4 Nf6 17. Qh4 g6 18. g5 Ne4 19. Bxe4 fxe4 20. Ng4 Nd7 21. a3 a5 22. Rf1 Rf8 23. Kh1 Qg7 24. Rg3 b6 25. Rgg1 Ba6 26. Rf2 Bxc4 27. Ne5 Nxe5 28. dxe5 b5 29. Nb1 b4 30. Qg4 Qf7 31. h4 Qf5 32. Qg3 Bd3 33. Nd2 c5 34. Nb3 Rfc8 35. Rh2 a4 36. Nd2 bxa3 37. bxa3 c4 38. h5 c3 39. hxg6 Qxg6 40. Rh6 Qg7 41. Qh3 c2 42. Rc1 Rc6 43. Qg2 Rb8 44. Qg1 Rf8 45. Kg2 Kh8 46. Rh1 Rfc8 47. Qh2 R6c7 48. Kf2 Qd7 49. g6 Qg7 50. gxh7 Qg6 51. Qh3 Rg7 52. Rh2 Rcc7 53. Rhh1 Rxh7 54. Qg2 Qxg2+ 55. Kxg2 Rxh1 56. Kxh1 Rb7 57. Kg2 Rb3 58. Kf2 Rxa3 59. f5 exf5 60. Kg3 Rb3 61. Kf4 a3 62. e6 Rb7 63. Ke5 a2 64. Kd6 Rb1 65. e7 Bb5 66. Rxc2 a1Q 67. Rc8+ Kg7 68. Rc7 Qf6+ 69. Kc5 Rc1+ 70. Nc4 Rxc4+ 71. Kxb5 Rxc7 72. e8Q Qf7 73. Qe5+ Kf8 74. Qg3 Qd7+ 75. Kb4 Ke7 76. Qh4+ Ke6 77. Qh6+ Ke7 78. Qg7+ Ke8 79. Qg8+ Ke7 80. Qg7+ Ke6 81. Qg6+ Ke5 82. Qg7+ Qxg7 0-1

[Event "Titled Tuesday intern op 25th Aug"]
[Site "Chess.com INT"]
[Date "2020.08.25"]
[Round "9"]
[White "Amorim, Daniel Madson De Me"]
[Black "Pastar, Slaven"]
[Result "0-1"]
[WhiteElo "2143"]
[BlackElo "2299"]
[PlyCount "72"]
[EventDate "2020.08.25"]
[EventType "swiss (blitz)"]
[EventRounds "10"]
[EventCountry "USA"]
[SourceTitle "CBM 198 Extra"]
[Source "ChessBase"]
[SourceDate "2020.11.30"]
[SourceVersion "1"]
[SourceVersionDate "2020.11.30"]
[SourceQuality "1"]

1. d4 b6 2. c4 Bb7 3. Nc3 Nf6 4. Qc2 e6 5. e3 Bb4 6. Bd2 0-0 7. Nf3 d5 8. a3 Bxc3 9. Bxc3 Ne4 10. cxd5 Nxc3 11. bxc3 Qxd5 12. Bd3 Qh5 13. Be4 Bxe4 14. Qxe4 Nd7 15. 0-0 Nf6 16. Qc6 Rac8 17. c4 Rfd8 18. a4 a5 19. Rac1 h6 20. c5 Qd5 21. cxb6 Qxc6 22. Rxc6 cxb6 23. Rxb6 Rc4 24. Ne5 Rxa4 25. Rb7 Ra8 26. g3 Rb4 27. Rxf7 a4 28. Rc7 a3 29. Rcc1 a2 30. Ra1 Ne4 31. Kg2 Nd2 32. Nd3 Rba4 33. Nc5 Rb4 34. Rfd1 Rb1 35. Nb3 Rxd1 36. Rxd1 Nxb3 0-1

[Event "Titled Tuesday intern op 25th Aug"]
[Site "Chess.com INT"]
[Date "2020.08.25"]
[Round "4"]
[White "Amorim, Daniel Madson De Me"]
[Black "Zanette, Edgard Vinicius"]
[Result "1/2-1/2"]
[WhiteElo "2143"]
[BlackElo "2157"]
[PlyCount "110"]
[EventDate "2020.08.25"]
[EventType "swiss (blitz)"]
[EventRounds "10"]
[EventCountry "USA"]
[SourceTitle "CBM 198 Extra"]
[Source "ChessBase"]
[SourceDate "2020.11.30"]
[SourceVersion "1"]
[SourceVersionDate "2020.11.30"]
[SourceQuality "1"]

1. d4 f5 2. e4 fxe4 3. Nc3 Nf6 4. Bg5 c6 5. Bxf6 exf6 6. Nxe4 d5 7. Ng3 Qb6 8. Qe2+ Kf7 9. 0-0-0 Bd6 10. Nf3 Re8 11. Qd2 Qc7 12. Kb1 b5 13. c3 Bf4 14. Qc2 g6 15. Bd3 Nd7 16. Rhe1 Rxe1 17. Rxe1 Nf8 18. Ne2 Bd6 19. h4 Bg4 20. Nfg1 Bxe2 21. Qxe2 Qd7 22. h5 Re8 23. Qxe8+ Qxe8 24. Rxe8 Kxe8 25. hxg6 hxg6 26. Nf3 g5 27. b3 Ne6 28. g3 Ng7 29. c4 dxc4 30. bxc4 bxc4 31. Bxc4 Ke7 32. Kc2 Nf5 33. Kd3 Nh6 34. Nh2 f5 35. Ba6 Kd7 36. Nf1 Ng4 37. Ne3 Nxf2+ 38. Ke2 Ne4 39. Nxf5 Nxg3+ 40. Nxg3 Bxg3 41. Kf3 Bf4 42. Ke4 Kd6 43. Bb7 Bc1 44. Bc8 Bb2 45. Bg4 a5 46. a4 c5 47. dxc5+ Kxc5 48. Bd7 Kb4 49. Kf5 Bc1 50. Kg4 Kc3 51. Be8 Kd4 52. Bd7 Ke5 53. Be8 Kf6 54. Bb5 Ba3 55. Ba6 Bb4 1/2-1/2

[Event "Titled Tuesday intern op 11th Aug"]
[Site "Chess.com INT"]
[Date "2020.08.11"]
[Round "7"]
[White "Amorim, Daniel Madson De Me"]
[Black "Simonovic, Miroslav"]
[Result "1-0"]
[WhiteElo "2143"]
[BlackElo "2129"]
[PlyCount "115"]
[EventDate "2020.08.11"]
[EventType "swiss (blitz)"]
[EventRounds "10"]
[EventCountry "USA"]
[SourceTitle "CBM 197 Extra"]
[Source "ChessBase"]
[SourceDate "2020.09.30"]
[SourceVersion "1"]
[SourceVersionDate "2020.09.30"]
[SourceQuality "1"]

1. d4 Nf6 2. c4 c5 3. d5 b5 4. cxb5 a6 5. bxa6 Bxa6 6. Nc3 d6 7. e4 Bxf1 8. Kxf1 Nbd7 9. Nf3 g6 10. g3 Bg7 11. Kg2 0-0 12. h3 Qa5 13. Re1 Ne8 14. Qc2 Nc7 15. Bg5 Rfe8 16. Re2 Rab8 17. Rc1 Nb5 18. Nxb5 Rxb5 19. b3 Qa3 20. Rce1 Ne5 21. Nxe5 Bxe5 22. Qc1 Qb4 23. Bd2 Qd4 24. Bf4 Bg7 25. Be3 Qxe4+ 26. Kh2 Qxd5 27. Bh6 e6 28. Bxg7 Kxg7 29. Rd1 Qf3 30. Qd2 d5 31. Re3 Qf6 32. Rc1 d4 33. Re2 e5 34. Qd3 Ra5 35. Rce1 e4 36. Qd2 Ra6 37. Rxe4 Rxe4 38. Rxe4 Re6 39. Rf4 Qe5 40. Qc1 g5 41. Rg4 f6 42. f4 Qe2+ 43. Kh1 h5 44. fxg5 hxg4 45. gxf6+ Kxf6 46. Qh6+ Ke7 47. Qg7+ Kd6 48. Qf8+ Kd5 49. Qa8+ Ke5 50. Qh8+ Kd6 51. Qf8+ Re7 52. Qf4+ Qe5 53. Qh6+ Re6 54. Qf8+ Kd5 55. Qa8+ Kd6 56. Qb8+ Ke7 57. Qc7+ Kf6 58. Qd8+ 1-0